00869nam a22002057a 4500003000400000005001700004008004100021040000900062100001700071245020900088260003000297300001100327500008800338500007200426600006000498650002800558650001500586610002200601650004000623OSt20151026133603.0130530s1997 ||||| |||| 00| 0 spa d cCDMR aLever, J. G.10aNoticias con acento, 1966-1967b: el antifranquismo expresado por Manuel Jiménez de Parga en el semanario Destino y la reacción de la censuracJ.G. Lever ; bajo la dirección de Drs. A. van Noortwijk aGroningen (Holanda)c1997 a193 p. aTesina de llicenciatura presentada a RTC, Rijks Universiteit Groningen, juliol 1997 aTítol a la coberta: Las noticias con acento de Jiménez de Parga1 aJiménez De Parga, ManuelxAnàlisi i interpretació04aCensurayS. XXzEspanya04aFranquisme1 aDestino (Revista)04aTesis i dissertacions acadèmiques